| 000 | 01447nam a2200277 4500 | ||
|---|---|---|---|
| 005 | 20160912120101.0 | ||
| 008 | 160912s1996 ck ||fr|||| 001 0 spa d | ||
| 020 | _a9589298761 | ||
| 040 |
_aCO-BoUCM _bspa _cSandra Yazo _dSandra Yazo |
||
| 041 | 0 | _aspa | |
| 082 | 0 | 4 |
_220 _a986.102 |
| 092 | _aE63N061 | ||
| 100 | 1 |
_aRuiz Rivera, Julián _961890 |
|
| 245 | 1 | 4 |
_aLos indios de Cartagena bajo la administración española en el siglo XVII _cJulian Ruiz Rivera |
| 260 |
_aBogotá (Colombia) _bArchivo General de la Nacion _c1996 |
||
| 300 |
_a187 páginas _c28 x 21 cm |
||
| 490 | 0 |
_aHistoria _v3 |
|
| 500 | _aDetalles físicos: Encuadernación flexible en cartulina, tapas con datos de publicación. Portada sencilla. Texto impreso en dos columnas. Varias cuadros entre el texto. Notas al pie de página. Ejemplar en buen estado de conservación | ||
| 505 | 0 | _aIntroducción ; Visitas a la provincia de Cartagena en el Siglo XVII ; La población indígena se extingue ; La encomienda en la provincia de Cartagena ; Tributos y servicios personales ; Los padres de doctrina ; Los indios en el contexto de la provincia ; Cuadros | |
| 506 | _aConsulta en sala | ||
| 650 | 7 |
_917332 _aIndigenas de Colombia _ySiglo XVII _zCartagena |
|
| 651 | 7 |
_927164 _a Cartagena (Colombia) _xHistoria _yColonia |
|
| 651 | 7 |
_aCartagena (Colombia) _xFuentes _ySiglo XVII _979904 |
|
| 690 |
_aBibliotecología _910049 |
||
| 942 |
_2LOCAL _cLIBRO _e1 _hE63N061 |
||
| 999 |
_c304613 _d304613 |
||